| 000 | 00356nam a2200121Ia 4500 | ||
|---|---|---|---|
| 008 | 220204s9999 xx 000 0 und d | ||
| 082 |
_a678 _bLOW |
||
| 245 | 0 | _aMacov chains and Mone Carlo calculations in polymer science | |
| 260 |
_aNew York _bMarcel Dekker _c1970 |
||
| 490 | _aMonographs in molecular chemistry | ||
| 700 | _aLowry, George G | ||
| 942 | _cBK | ||
| 999 |
_c24268 _d24268 |
||